|
|
|
|
| LEADER |
00000nam0a2200000 4500 |
| 001 |
141290 |
| 005 |
20231031142404.0 |
| 010 |
|
|
|a 5217007826
|
| 020 |
|
|
|a RU
|b 91-17124
|
| 035 |
|
|
|a (RuTPU)RU\TPU\book\153140
|
| 090 |
|
|
|a 141290
|
| 100 |
|
|
|a 20080807d1991 km y0rusy5003 ca
|
| 101 |
0 |
|
|a rus
|
| 102 |
|
|
|a RU
|
| 105 |
|
|
|a a z 000zy
|
| 200 |
1 |
|
|a Современные технологические процессы ремонта агрегатов гидроприводов тракторов и сельскохозяйственных машин
|e учебное пособие
|f Ю. И. Кириллов, В. П. Вегера
|
| 210 |
|
|
|a Москва
|c Машиностроение
|d 1991
|
| 215 |
|
|
|a 61 с.
|c ил.
|
| 610 |
1 |
|
|a тракторы
|
| 610 |
1 |
|
|a сельскохозяйственные машины
|
| 610 |
1 |
|
|a гидравлические приводы
|
| 610 |
1 |
|
|a ремонт
|
| 675 |
|
|
|a 629.114.2-82
|z rus
|
| 700 |
|
1 |
|a Кириллов
|b Ю. И.
|g Юрий Ильич
|
| 701 |
|
1 |
|a Вегера
|b В. П.
|g Владимир Потапович
|
| 801 |
|
0 |
|a RU
|b RuMRKP
|c 19950417
|g psbo
|
| 801 |
|
1 |
|a RU
|b 63413507
|c 20080807
|g PSBO
|
| 801 |
|
2 |
|a RU
|b 63413507
|c 20130610
|g PSBO
|
| 942 |
|
|
|c BK
|